Catálogo
 En Linea
Vista normal Vista MARC

Entrada Nombre personal

Número de registros utilizados en: 1

001 - NÚMERO DE CONTROL

  • campo de control: 78678

003 - IDENTIFICADOR DEL NÚMERO DE CONTROL

  • campo de control: BNPHU

005 - FECHA Y HORA DE LA ÚLTIMA TRANSACCIÓN

  • campo de control: 20240228090715.0

008 - DATOS DE LONGITUD FIJA

  • campo de control de longitud fija: 210526|| aca||aabn | a|a d

040 ## - FUENTE DE LA CATALOGACIÓN

  • Centro catalogador/agencia de origen: DO-SdBNP
  • Lengua de catalogación: spa
  • Centro/agencia transcriptor: BNPHU
  • Enlace: rda

100 1# - ENCABEZAMIENTO-NOMBRE DE PERSONA

  • Nombre de persona: Delgado Suriel, Jesús Gabriel,
  • Fechas asociadas al nombre: 1967-
  • Títulos y otros términos asociados al nombre: Padre

370 ## - LUGAR ASOCIADO

  • Lugar de nacimiento: Santo Cerro, La Vega (República Dominicana)

375 ## - GÉNERO/SEXO

  • Género/Sexo: Masculino

377 ## - LENGUA/LENGUAJE ASOCIADO

  • Código del idioma: spa

400 1# - TRAZADO DE VÉASE--NOMBRE DE PERSONA

  • Nombre de persona: Suriel, Jesús Gabriel Delgado

670 ## - FUENTE DE DATOS ENCONTRADOS

  • Cita de la fuente: Jesús Gabriel Delgado Suriel 1967, Más allá de lo humano /, 2020

Con tecnología Koha